000 00755cam a22002292 4500
001 0000021398
005 20151217145936.0
008 120423s xx 000 0 eng d
020 _a8190865005 :
040 _aKABU
_cKABU
245 1 0 _aColinvaux's law of insurance /
_cRobert Merkin.
250 _a8th South Asian ed.
260 _aLondon :
_bSweet & Maxwell,
_c2009.
300 _acxxxv, 976 p.
650 0 _aInsurance law
_zGreat Britain.
_@0000158698
700 1 _aMerkin, Robert.
_@0000181533
852 1 _9p16517 KES
852 1 _9p16517 KES
852 1 _9p16517 KES
908 _a120423
950 _@1
999 _c4304
_d4304